La catequesis de adultos en la comunidad cristiana : algunas líneas y orientaciones / Consejo Internacional para la Catequesis

Bewaard in:
Bibliografische gegevens
Coauteur: Consejo Internacional para la Catequesis
Formaat: Boek
Onderwerpen:
Tags: Voeg label toe
Geen labels, Wees de eerste die dit record labelt!

MARC

LEADER 00000nam^a2200000^u^4500
001 000551704
005 20250521000000.0
008 060220s1000^^^^^^^^^^^^r^^^^^000^0^spa^d
009 20260310131600.492
022 |a 8820916819 
035 |a FMI 000021489 
037 |a Acervo Xavier Clavigero 
096 |a 5.9.2/25/C 
110 |a Consejo Internacional para la Catequesis 
245 1 3 |a La catequesis de adultos en la comunidad cristiana : algunas líneas y orientaciones / Consejo Internacional para la Catequesis 
264 |a Ciudad del Vaticano : Librería Editrice Vaticana ; EDICEP, 1990 
300 |a 33 p. 
336 |a texto  |b txt  |2 rdacontenido 
337 |a sin mediación  |b n  |2 rdamedio 
338 |a volumen  |b nc  |2 rdasoporte 
649 |a XX 
650 |a Catequética 
910 |a Fondo Francisco Migoya Covarrubias S.J. 
920 |a Impresos - Libros 
930 |a Fondos Especiales 
905 |a 134 
901 |a SBC12814  |b IT2  |c ESP  |u 20250521 
902 |a https://opac.biblio.iteso.mx/vufind/Record/000551704